|
|
|
|
| LEADER |
00000cam a2200000 7i4500 |
| 001 |
0000003309 |
| 005 |
20050823.0 |
| 020 |
0 |
0 |
|a 9678910349
|
| 090 |
0 |
0 |
|a 346.5950682
|b MAL
|
| 110 |
1 |
0 |
|a Malaysia
|
| 240 |
0 |
0 |
|a Akta Perkongsian 1961
|l English
|
| 245 |
1 |
0 |
|a Partnership Act 1961 (Act 135) :
|b (as at 5th june 2003)
|c compiled by Legal Research Board
|
| 260 |
0 |
0 |
|a Kuala Lumpur :
|b International Law Book Services ,
|c 2003
|
| 300 |
|
|
|a 21p. ;
|c 25cm.
|
| 440 |
0 |
0 |
|a Laws of Malaysia
|
| 650 |
0 |
0 |
|a Joint ventures
|x Law and legislation
|z Malaysia
|
| 650 |
0 |
0 |
|a Partnership
|z Malaysia
|
| 710 |
2 |
1 |
|a Lembaga Penyelidikan Undang-Undang
|
| 999 |
|
|
|a 0000005176
|b Monograph
|c Acts
|e Default branch
|